Mechatronics System Control, Logic. And Data Acquisition : (Record no. 11645)
[ view plain ]
| 000 -LEADER | |
|---|---|
| fixed length control field | 01767cam a22004217a 4500 |
| 001 - CONTROL NUMBER | |
| control field | 12842892 |
| 005 - DATE AND TIME OF LATEST TRANSACTION | |
| control field | 20150819110955.0 |
| 008 - FIXED-LENGTH DATA ELEMENTS--GENERAL INFORMATION | |
| fixed length control field | 020703t2002 flua bf 001 0 eng d |
| 010 ## - LIBRARY OF CONGRESS CONTROL NUMBER | |
| LC control number | 2002283812 |
| 020 ## - INTERNATIONAL STANDARD BOOK NUMBER | |
| International Standard Book Number | 0849392578 |
| 020 ## - INTERNATIONAL STANDARD BOOK NUMBER | |
| International Standard Book Number | 9780849392573 |
| 035 ## - SYSTEM CONTROL NUMBER | |
| System control number | (OCoLC)ocm49315294 |
| 040 ## - CATALOGING SOURCE | |
| Original cataloging agency | TEF |
| Language of cataloging | eng |
| Transcribing agency | TEF |
| Modifying agency | PGC |
| -- | PGC |
| -- | EG-ScBUE |
| 042 ## - AUTHENTICATION CODE | |
| Authentication code | lccopycat |
| 050 00 - LIBRARY OF CONGRESS CALL NUMBER | |
| Classification number | TJ163.12 |
| Item number | .M434 2002 |
| 082 00 - DEWEY DECIMAL CLASSIFICATION NUMBER | |
| Classification number | 621 |
| Item number | MEC |
| Edition number | 21 |
| 245 04 - TITLE STATEMENT | |
| Title | Mechatronics System Control, Logic. And Data Acquisition : |
| Remainder of title | fundamentals and modeling / |
| Statement of responsibility, etc | Edited by Robert H. Bishop. |
| 250 ## - EDITION STATEMENT | |
| Edition statement | 2nd ed. |
| 260 ## - PUBLICATION, DISTRIBUTION, ETC. (IMPRINT) | |
| Place of publication, distribution, etc | Boca Raton, Fla. : |
| Name of publisher, distributor, etc | CRC Press, |
| Date of publication, distribution, etc | c. 2008. |
| 300 ## - PHYSICAL DESCRIPTION | |
| Extent | 2 v. : |
| Other physical details | ill. ; |
| Dimensions | 26 cm. |
| 490 0# - Series Statement | |
| Series statement | The electrical engineering handbook series |
| 500 ## - GENERAL NOTE | |
| General note | "ISA-The Instrumentation, Systems, and Automation Society." |
| 504 ## - BIBLIOGRAPHY, ETC. NOTE | |
| Bibliography, etc | Includes bibliographical references and index. |
| 505 0# - FORMATTED CONTENTS NOTE | |
| Formatted contents note | [v. 1]. Mechatronic systems, sensors, and actuators : fundamentals and modelling -- [v. 2]. Mechatronic system control, logic, and data acquisition. |
| 590 ## - LOCAL NOTE (RLIN) | |
| Local note | Mohamed Hussein |
| 650 #0 - SUBJECT ADDED ENTRY--TOPICAL TERM | |
| Topical term or geographic name as entry element | Mechatronics |
| Form subdivision | Handbooks, manuals, etc. |
| 9 (RLIN) | 5423 |
| Source of heading or term | BUEsh |
| 650 #0 - SUBJECT ADDED ENTRY--TOPICAL TERM | |
| Topical term or geographic name as entry element | Actuators |
| Source of heading or term | BUEsh |
| 650 #0 - SUBJECT ADDED ENTRY--TOPICAL TERM | |
| Topical term or geographic name as entry element | Detectors |
| Source of heading or term | BUEsh |
| 650 #0 - SUBJECT ADDED ENTRY--TOPICAL TERM | |
| Topical term or geographic name as entry element | Programmable controllers |
| Source of heading or term | BUEsh |
| 651 ## - SUBJECT ADDED ENTRY--GEOGRAPHIC NAME | |
| Source of heading or term | BUEsh |
| 653 ## - INDEX TERM--UNCONTROLLED | |
| Resource For college | Engineering, Electrical |
| -- | Engineering, General |
| Arrived date list | August2015 |
| 700 1# - ADDED ENTRY--PERSONAL NAME | |
| Personal name | Bishop, Robert H., |
| Dates associated with a name | 1957- |
| 9 (RLIN) | 5424 |
| Relator term | editor |
| 856 42 - ELECTRONIC LOCATION AND ACCESS | |
| Materials specified | Publisher description |
| Uniform Resource Identifier | <a href="http://www.loc.gov/catdir/enhancements/fy0646/2002283812-d.html">http://www.loc.gov/catdir/enhancements/fy0646/2002283812-d.html</a> |
| 856 42 - ELECTRONIC LOCATION AND ACCESS | |
| Materials specified | Book review (E-STREAMS) |
| Uniform Resource Identifier | <a href="http://www.e-streams.com/es0605/es0605_2455.html">http://www.e-streams.com/es0605/es0605_2455.html</a> |
| 365 ## - TRADE PRICE | |
| Price amount | LE 992 |
| Price note | For two volumes |
| 942 ## - ADDED ENTRY ELEMENTS (KOHA) | |
| Source of classification or shelving scheme | Dewey Decimal Classification |
| Item type | Book - Borrowing |
| Withdrawn status | Item status | Source of classification or shelving scheme | Damaged status | Not for loan | Vendor | Home library | Current library | Shelving location | Date acquired | Source of acquisition | Cost, normal purchase price | Serial Enumeration / chronology | Total Checkouts | Full call number | Barcode | Date last seen | Koha item type | Public note |
|---|---|---|---|---|---|---|---|---|---|---|---|---|---|---|---|---|---|---|
| Dewey Decimal Classification | Alahram | Central Library | Central Library | First floor | 27/05/2009 | 496.00 | 354 | 621 MEC | 000016390 | 15/07/2025 | Book - Borrowing | Vol. 1 | ||||||
| Dewey Decimal Classification | Alahram | Central Library | Central Library | First floor | 27/05/2009 | 496.00 | 354 | 621 MEC | 000016391 | 15/07/2025 | Book - Borrowing | Vol.2 |